|
|
|
|
| LEADER |
00000nam a2200000 a 4500 |
| 001 |
vtls001445765 |
| 003 |
SK-MaSNL |
| 005 |
20260302094238.0 |
| 008 |
240315sm y0 xo r 0 slo |
| 035 |
|
|
|a SNK000401002
|
| 040 |
|
|
|a SNK
|b slo
|c SNK
|e AACR2
|
| 044 |
|
|
|a xo
|c SK
|
| 072 |
|
7 |
|a 01
|2 konspekt
|
| 072 |
|
7 |
|a 00
|x Veda. Všeobecnosti. Základy vedy a kultúry. Vedecká práca
|2 konspekt
|
| 080 |
|
|
|a 01
|2 1981
|
| 080 |
|
|
|a 002
|2 1981
|
| 080 |
|
|
|a (043)
|2 1981
|
| 100 |
1 |
|
|a Wicherová, Božena
|4 aut
|9 765963
|
| 245 |
1 |
|
|a Bibliografia a vedecké informácie
|b diplomová práca
|c Božena Wicherová ; školiteľ: K. Ruttkayová
|
| 260 |
|
|
|a [Bratislava]
|b Filozofická fakulta Univerzity Komenského
|c 1971/1972
|
| 300 |
|
|
|a 82 s.
|c 30 cm
|
| 650 |
0 |
7 |
|a bibliografia
|2 SNK
|9 24254
|
| 650 |
0 |
7 |
|a vedecko-technické informácie
|2 SNK
|9 51894
|
| 650 |
0 |
7 |
|a bibliografia
|2 konspekt
|9 24254
|
| 655 |
|
7 |
|a diplomové práce
|2 SNK
|9 70156
|
| 655 |
|
7 |
|a diplomové práce
|2 SNK
|9 70156
|
| 700 |
1 |
|
|a Ruttkayová, Katarína,
|d 1933-
|4 ini
|9 5433
|
| 999 |
|
|
|c 1212349
|d 1214279
|
| 952 |
|
|
|t P60, <03>, [BOOK], {603}
|a SNK
|b SNK
|y PREZ
|7 0
|p 17A0367119
|o snkDIP 498
|i snkF 1741/2002
|0 0
|1 0
|4 0
|d 2002-12-04
|l 0
|r 2005-01-02 00:00:00
|w 2026-02-24
|